| 000 | 01237nam a2200229Ia 4500 | ||
|---|---|---|---|
| 003 | Ost | ||
| 005 | 20260507075358.0 | ||
| 008 | 260507s9999||||xx |||||||||||||| ||und|| | ||
| 020 | _a68563299579 | ||
| 040 | _cfsecg | ||
| 041 | _aara | ||
| 082 | _a330 | ||
| 100 |
_aكافي، مصطفى يوسف _eمؤلف |
||
| 245 | 0 |
_aإدارة الاعلان و اقتصادياته / _c مصطفى يوسف كافي |
|
| 260 |
_aعمان: _bدار الحامد للنشر والتوزيع, _c2015 |
||
| 300 |
_a264 صفحة؛ _bإيضاحات ؛ _c25 سم |
||
| 504 | _aالمراجع ص.261 | ||
| 520 | _aادارة الاعلان - الأهمية الاقتصادية للاعلان - الاعلان في الأنظمة الاقتصادية المختلفة -وكالات الاعلان -تنظيم أجهزة الاعلان في الوسائل الاعلانية - البيئة التسويقية من المنظور الاقتصادي -طرق تحديد المخصصات الاعلانية - الاعلان و تسعير المنتجات -قياس و تقييم فاعلية الاعلان - جدولة المخصصات الاعلانية | ||
| 653 | _aالادارة | ||
| 653 | _aالاعلان التجاري | ||
| 942 | _cكتاب | ||
| 999 |
_c44254 _d44254 |
||